| 000 | 00525nam a2200169 4500 | ||
|---|---|---|---|
| 001 | 126304 | ||
| 003 | ES-MaACL | ||
| 005 | 20230906192809.0 | ||
| 007 | t| | ||
| 008 | 070214s1966 sp r ||||1| spa d | ||
| 100 | 1 |
_aRemplein, Heinz. _996153 |
|
| 245 | 1 | 0 |
_aTratado de psicología evolutiva / _cHeinz Remplein ; [traducción por Angel Aymat Otasolo]. |
| 260 |
_aBarcelona [etc.] : _bLabor, _c1966. |
||
| 300 |
_aXXIII, 756 p. ; _c22 cm. |
||
| 700 | 1 |
_aAymat Otasolo, Angel. _924175 |
|
| 852 |
_aES-MaACL _jC-29344 _bR.59792 |
||
| 999 |
_c126304 _d126304 |
||